000 01425namaa2200361 i 4500
003 EG-GICUC
005 20251228142353.0
008 251227s1998 ua |||jrr||| 000 0 ara d
017 _a1997 / 13629
_bدار الكتب والوثائق القومية (مصر)
020 _a9772386704
040 _aEG-GiCUC
_bara
_cEG-GiCUC
_dEG-GiCUC
_erda
082 0 4 _221
_a150.3
_bM9535
092 0 4 _221
_a150.3
_bM9535
099 _a150.3 M9535 1998
100 1 _aسالمى، عبد المجيد
_eمؤلف.
245 1 _aمعجم مصطلحات علم النفس :
_bعربى-فرنسى-إنجليزى /
_cإعداد عبد المجيد سالمى، نور الدين خالد ؛ مراجعة شريف بدوى.
246 1 4 _aDictionnaire de la Psychologie
246 1 4 _aDictionary of psychology
250 _aالطبعة الاولى
264 _aالقاهرة(مصر) :
_bدار الكتاب المصرى،
_c1998.
300 _a434 صفحة ؛
_c25 سم
336 _2rdacontent
_atext
337 _2rdamedia
_aUnmediated
338 _2rdacarrier
_avolume
504 _a434 ببليوجرافيا: صفحات.
541 _aد. جابر عصفور ؛
_bالقاهرة ؛
_cإهداء ؛
_d2024.
650 1 7 _aعلم النفس
_2qrmak
_vمعاجم
651 1 _2qrmak
700 1 _aخالد، نور الدين
_eمعد.
700 1 _aبدوى، شريف
_eمراجع.
905 _aAya
942 _2ddc
_cREF
_e21
_n0
999 _c177074
_d177074